000 00302nam a22001337a 4500
008 171102b xxu||||| |||| 00| 0 eng d
020 _a9780847683529
041 _aeng
080 _a339.9
100 _a59
101 _aGLO
245 _aUNDERSTANDING GLOBALIZATION
_cSCHAEFFER,R.K
942 _2udc
_cBK
999 _c37169
_d37169